01290nab a22002657a 4500999001500000003000400015005001700019008004100036040000700077100002700084245009000111260007300201300001300274500002800287505021600315505011300531505008200644650002300726650003400749650002300783650003100806650001700837773015700854942001301011 c5532d5532OSt20251215125457.0190429b xxu||||| |||| 00| 0 spa d cPJ aSotile, Patricia9651210a"Mala madre": un estereotipo discriminatorio que agrava las penas /cPatricia Sotile. cCiudad Autónoma de Buenos Aires :aThomson Reuters La Ley, b2025. ap. 80-88 aCita: AR/DOC/2357/2024. aSumario: I. Introducción. Los hechos del caso.— II. Perspectiva de género y prohibición de estereotipos en el proceso penal.— III. Estereotipos como agravantes de condenas penales.— IV. Conclusiones. tFallo comentado: TCasación Penal, Buenos Aires ~ sala I ~ F., B. N. s/Recurso de casación, 07/05/2024. tSi te interesa el texto completo, solicitalo a koha@justierradelfuego.gov.ar  09343aDERECHO PENAL 094044aPERSPECTIVA DE GÉNERO 092480aCODIGO PENAL 095923aABANDONO DE PERSONAS 091975aPRUEBA0 0265893164tRevista de derecho penal y criminología. Nº 1 - Febrero 2025dCiudad Autónoma de Buenos Aires : Thomson Reuters La Ley, 2017-x00347914 2udccANA